| 000 | 00961cam a2200265 4500 | ||
|---|---|---|---|
| 008 | 090401t1994 xxu||||| |||| 00| 0 eng d | ||
| 020 | _a0854597492 | ||
| 035 | _a(Sirsi) u69117 | ||
| 041 | _aeng | ||
| 050 | _a614.7026 | ||
| 245 | _aTolley`s environmental handbook: a management guide. | ||
| 260 |
_aCroydon _bTolley Publishing Company Limited _c1994 |
||
| 300 | _axlii,486p. ; 23cm. | ||
| 350 | _a39.95 | ||
| 520 | _aA reference book for managers and lawyers, which brings together the major elements of environmental law, policy and management. Includes sections on environmental audits and assessments and contaminated land. | ||
| 650 | _aCONTAMINATED LAND | ||
| 650 | _aENVIRONMENTAL ASSESSMENTS | ||
| 650 | _aENVIRONMENTAL AUDITS | ||
| 650 | _aENVIRONMENTAL LAW | ||
| 650 | _aWASTE MANAGEMENT | ||
| 690 | _aENVIRONMENTAL AND LAND CONSULTANCY | ||
| 700 |
_aFreshfields` Environment Group, _xEditor |
||
| 942 | _n0 | ||
| 948 | _c04/03/1997 | ||
| 999 |
_c95156 _d95156 |
||